000
00327 a2200109 4500
001
ART_43320
005
20260410161709.0
008
260409a
245
1
0
_a
El secreto fiscal y la lucha contra la corrupción
100
1
_a
Spisso, Rodolfo Roque
773
0
_t
Revista Impuestos
_g
- Nº 6 (jun. 2017)
_w
REV639
999
_c
15868
_d
15868